अनुपम- बलिदान / (Record no. 115327)

MARC details
000 -LEADER
fixed length control field 00872nam a22002537a 4500
005 - DATE AND TIME OF LATEST TRANSACTION
control field 20170124103022.0
010 ## - LIBRARY OF CONGRESS CONTROL NUMBER
LC control number A-595418
020 ## - INTERNATIONAL STANDARD BOOK NUMBER
Terms of availability 75.00
035 ## - SYSTEM CONTROL NUMBER
System control number A-595418
037 ## - SOURCE OF ACQUISITION
Source of stock number/acquisition Cen Lib/Ret
040 ## - CATALOGING SOURCE
Original cataloging agency DPL
Language of cataloging HN
082 ## - DEWEY DECIMAL CLASSIFICATION NUMBER
Classification number
Item number चन्द्रमो
100 ## - MAIN ENTRY--PERSONAL NAME
Personal name चन्द्रमोहन
9 (RLIN) 43304
245 ## - TITLE STATEMENT
Title अनुपम- बलिदान /
Statement of responsibility, etc चन्द्रमोहन
246 ## - VARYING FORM OF TITLE
Title proper/short title Anupam-balidan /
Remainder of title by Chandra Mohan
260 ## - PUBLICATION, DISTRIBUTION, ETC. (IMPRINT)
Place of publication, distribution, etc अजमेर
Name of publisher, distributor, etc हिमकर प्रकाशन
Date of publication, distribution, etc 1993
270 ## - ADDRESS
City अजमेर
300 ## - PHYSICAL DESCRIPTION
Extent viii, 226पृ.
Dimensions 21सेमी(सजिल्द)
650 ## - SUBJECT ADDED ENTRY--TOPICAL TERM
Topical term or geographic name as entry element हिन्दी साहित्य
9 (RLIN) 60927
650 ## - SUBJECT ADDED ENTRY--TOPICAL TERM
Topical term or geographic name as entry element उपन्यास
9 (RLIN) 60928
650 ## - SUBJECT ADDED ENTRY--TOPICAL TERM
Topical term or geographic name as entry element Hindi literature
9 (RLIN) 60929
650 ## - SUBJECT ADDED ENTRY--TOPICAL TERM
Topical term or geographic name as entry element Fiction
9 (RLIN) 8901
942 ## - ADDED ENTRY ELEMENTS (KOHA)
Source of classification or shelving scheme Dewey Decimal Classification
Koha item type Hindi Books
Classification part
Call number suffix चन्द्रमो
Holdings
Withdrawn status Lost status Damaged status Not for loan Home library Current library Date acquired Source of acquisition Cost, normal purchase price Total Checkouts Full call number Barcode Date last seen Copy number Cost, replacement price Price effective from Koha item type Public note
Written off       Central Library Central Library 20/08/2015 Cen Lib/Ret 75.00   उ चन्द्रमो A-595418 20/08/2015 1 75.00 20/08/2015 Hindi Books Written off on approval by DLB (By Circulation); dtd 20.12.2022

© Delhi Public Library
Hit Counter
free hit counter